The Journalist's Handbook (Record no. 10834)

MARC details
000 -LEADER
fixed length control field 00341nam a2200133Ia 4500
008 - FIXED-LENGTH DATA ELEMENTS--GENERAL INFORMATION
fixed length control field 191201s2011 xx 000 0 und d
082 ## - DEWEY DECIMAL CLASSIFICATION NUMBER
Classification number 070.92
Item number KAT
100 ## - MAIN ENTRY--PERSONAL NAME
Personal name KAMATH, M.V.
245 #0 - TITLE STATEMENT
Title The Journalist's Handbook
260 ## - PUBLICATION, DISTRIBUTION, ETC. (IMPRINT)
Place of publication, distribution, etc New Delhi
Name of publisher, distributor, etc Vikas Pub
Date of publication, distribution, etc 2020
300 ## - PHYSICAL DESCRIPTION
Extent 311
650 ## - SUBJECT ADDED ENTRY--TOPICAL TERM
Topical term or geographic name as entry element Bachelor of Mass Communication
942 ## - ADDED ENTRY ELEMENTS (KOHA)
Source of classification or shelving scheme Dewey Decimal Classification
Koha item type Text Books
Holdings
Withdrawn status Lost status Source of classification or shelving scheme Damaged status Not for loan Collection code Home library Current library Date acquired Source of acquisition Currency Cost, normal purchase price Bill Number Total Checkouts Full call number Acc. no. / Barcode Date last seen Actual Cost, discounted price Bill Date Koha item type
    Dewey Decimal Classification     Bachelor Of Mass Communication PIET NCR College Library PIET NCR College Library 31/07/2021 Kirti Prakashan IN Rupees 325.00 IN2311   070.92 KAT N1831 08/08/2021 217.75 31/07/2021 Reference Books
    Dewey Decimal Classification     Bachelor Of Mass Communication PIET NCR College Library PIET NCR College Library 31/07/2021 Kirti Prakashan IN Rupees 325.00 IN2311   070.92 KAT N1832 08/08/2021 217.75 31/07/2021 Text Books
    Dewey Decimal Classification     Bachelor Of Mass Communication PIET NCR College Library PIET NCR College Library 31/07/2021 Kirti Prakashan IN Rupees 325.00 IN2311   070.92 KAT N1833 08/08/2021 217.75 31/07/2021 Text Books
    Dewey Decimal Classification     Bachelor Of Mass Communication PIET NCR College Library PIET NCR College Library 31/07/2021 Kirti Prakashan IN Rupees 325.00 IN2311   070.92 KAT N1834 08/08/2021 217.75 31/07/2021 Text Books
    Dewey Decimal Classification     Bachelor Of Mass Communication PIET NCR College Library PIET NCR College Library 31/07/2021 Kirti Prakashan IN Rupees 325.00 IN2311   070.92 KAT N1835 08/08/2021 217.75 31/07/2021 Text Books

Design & Developed by: PIET Central Library
R70 Miles Stone Pattikalyana Samalkha Panipat 132102
mail ID :- [email protected], Phone No:- 0180-2569700 Ex.216